000 00809nam a22001457a 4500
999 _c521051
_d521051
008 221208b ||||| |||| 00| 0 eng d
100 _aRajeevan, Reshma and Mukherjee, Abhishek
_936115
245 _aNon-conventional energy sources
260 _aKurukshetra
300 _a71(1), Nov, 2022: p.27-32
520 _aIndia is gradually transitioning from conventional sources to non-conventional secures of energy, for its needs. This is particularly significant as being one of the fastest growing congeries in the worked and fifth larges economy as on date India holds a s strategically important position in the global arena and India’s efforts in climate change will pave a direction for the future generation. – Reproduced
773 _aKurukshetra
906 _aENERGY RESOURCES
942 _cAR